Catalog

Record Details

Catalog Search



Ess firt kejn weg zurik... : Geschichte und Lieder des Ghettos von Wilna 1941-1943 / Hrsg. Florian Freund, Franz Ruttner, Hans Safrian ; mit einem Vorwort von Simon Wiesenthal

Freund, Florian, 1953- (Compiler). Ruttner, Franz, 1962- (Compiler). Safrian, Hans, 1952- (Compiler). Wiesenthal, Simon, 1908-2005 (Author of introduction, etc.).

Record details

  • ISBN: 3-85452-222-3
  • Physical Description: 199 s. : il
  • Publisher: Wien : Picus, 1992

Available copies

  • 1 of 1 copy available at Common Catalog SPOK.

Holds

  • 0 current holds with 1 total copy.
Show Only Available Copies
Location Call Number / Copy Notes Barcode Shelving Location Status Due Date
Terezin Initiative Institute 2509 4594302509 Knihovna ITI Available -

LDR 00784nam a2200229 a 4500
00126443
003CZ-PrJAB
00520220905044002.0
008020307s1992 au gr 0 ger
020 . ‡a3-85452-222-3
035 . ‡a(CONS)1254
035 . ‡a(CZ PrSKC)zmp000013424
040 . ‡aABE323 ‡bcze
041 . ‡ager ‡ayid
24500. ‡aEss firt kejn weg zurik... : ‡bGeschichte und Lieder des Ghettos von Wilna 1941-1943 / ‡cHrsg. Florian Freund, Franz Ruttner, Hans Safrian ; mit einem Vorwort von Simon Wiesenthal
260 . ‡aWien : ‡bPicus, ‡c1992
300 . ‡a199 s. : ‡bil
7001 . ‡aFreund, Florian, ‡d1953- ‡4com
7001 . ‡aRuttner, Franz, ‡d1962- ‡4com
7001 . ‡aSafrian, Hans, ‡d1952- ‡4com
7001 . ‡aWiesenthal, Simon, ‡d1908-2005 ‡7jn20000701967 ‡4aui
8524 . ‡bJACH-ITI ‡bJACH-ITI ‡cKnihovna ITI ‡j2509 ‡p2509 ‡y$0.00
910 . ‡aABE340 ‡b2509
995 . ‡askok
901 . ‡a26443 ‡bUnknown ‡c26443 ‡tbiblio

Additional Resources